Science Quiz

Random Science or Biology Quiz
Score 0/18 Timer 05:00
11 Plays Today
Question Answer Wrong Answers
Primates Sugar Glider
81.9%
Orangutan
4%
Ring-tailed lemur
11.2%
Baboon
2.8%
Galliformes (Gamefowl) Kestrel
79.5%
Turkey
10%
Common quail
4%
Imperial pheasant
3.2%
Diprotodontia (Marsupial herbivores) Platypus
67.2%
Wombat
11.7%
Koala
5.9%
Red kangaroo
9.1%
Crocodilia Komodo dragon
67%
Gharial
21.7%
American alligator
3.8%
Caiman
5.7%
Sirenia Pygmy hippo
66.9%
Dugong
16.8%
Manatee
5.3%
Steller's sea cow
6.2%
Pleuronectiformes (Flatfish) Hagfish
56.8%
Halibut
17.1%
American sole
10%
Winter flounder
7.9%
Decapoda ('Ten-footed') Whip scorpion
53.1%
Spiny lobster
7.2%
Hermit crab
20.5%
Crayfish
12%
Diptera (Flies) Dragonfly
45.5%
Gnat
9.6%
Horse-fly
3.4%
Mosquito
30.5%
Carnivora Vampire bat
42.5%
Snow leopard
1.8%
Grizzly bear
4%
Skunk
43%
Salmoniformes Sturgeon
39%
Rainbow trout
17.2%
Arctic char
23%
Chinook salmon
6.2%
Coleoptera (Beetles) Termite
37.6%
Ladybug
6.3%
Boll weevil
7.4%
Firefly
35%
Caudata/Urodela (Salamanders) Tuatara
36.8%
Axolotl
20.4%
Mudpuppy
21%
Fire belly newt
7.6%
Artiodactyla (Even-toed ungulates) Elephant
36.7%
Giraffe
10.1%
Moose
13.2%
Warthog
27.8%
Lepidoptera (Scale-winged insects) Cicada
35.4%
Monarch butterfly
7.8%
Luna moth
6%
Silkworm caterpillar
41.2%
Squamata (Scaled reptiles) Hellbender
34.7%
Skink
24.4%
Gila monster
8.7%
Black mamba
19.3%
Anseriformes (Waterfowl) Flamingo
33%
Mallard
4.1%
Mute swan
3.3%
Northern screamer
49.2%
Perissodactyla (Odd-toed ungulates) Giant anteater
31.4%
Zebra
31.4%
Rhinoceros
17%
Tapir
8.6%
Rodentia Hedgehog
29.2%
Porcupine
27.6%
Beaver
22.4%
Hamster
7.4%
Remove Ads.
Support Sporcle.
Get the best of Sporcle when you Go Orange. This ad-free experience offers more features, more stats, and more fun while also helping to support Sporcle. Thank you for becoming a member.

You're not logged in!

Compare scores with friends on all Sporcle quizzes.
OR
Log In

Show Comments

Extras

Top Quizzes Today


Score Distribution

Your Account Isn't Verified!

In order to create a playlist on Sporcle, you need to verify the email address you used during registration. Go to your Sporcle Settings to finish the process.

Report this User

Report this user for behavior that violates our Community Guidelines.

Details: